Introduction to artificial intelligence (E-BOOK) (Record no. 217611)

000 -LEADER
fixed length control field 00627 a2200205 4500
003 - CONTROL NUMBER IDENTIFIER
control field Nust
005 - DATE AND TIME OF LATEST TRANSACTION
control field 20170207171607.0
010 ## - LIBRARY OF CONGRESS CONTROL NUMBER
LC control number 84018838
020 ## - INTERNATIONAL STANDARD BOOK NUMBER
International Standard Book Number 048624864X (pbk.) :
040 ## - CATALOGING SOURCE
Transcribing agency Nust
082 00 - DEWEY DECIMAL CLASSIFICATION NUMBER
Classification number 001.535
100 1# - MAIN ENTRY--PERSONAL NAME
Personal name Jackson, Philip C.,
245 10 - TITLE STATEMENT
Title Introduction to artificial intelligence (E-BOOK)
Statement of responsibility, etc. Philip C. Jackson, Jr.
250 ## - EDITION STATEMENT
Edition statement 2nd, enl. ed.
260 ## - PUBLICATION, DISTRIBUTION, ETC.
Place of publication, distribution, etc. New York :
Name of publisher, distributor, etc. Dover,
Date of publication, distribution, etc. 1985.
300 ## - PHYSICAL DESCRIPTION
Extent xxxviii, 453 p. :
Other physical details ill. ;
Dimensions 22 cm.
500 ## - GENERAL NOTE
General note Includes index.
650 #0 - SUBJECT ADDED ENTRY--TOPICAL TERM
Topical term or geographic name entry element Artificial intelligence.
856 42 - ELECTRONIC LOCATION AND ACCESS
Materials specified Publisher description
Uniform Resource Identifier <a href="http://www.loc.gov/catdir/description/dover033/84018838.html">http://www.loc.gov/catdir/description/dover033/84018838.html</a>
942 ## - ADDED ENTRY ELEMENTS (KOHA)
Source of classification or shelving scheme
Koha item type Book
Holdings
Withdrawn status Lost status Source of classification or shelving scheme Damaged status Not for loan Collection code Permanent Location Current Location Date acquired Total Checkouts Full call number Barcode Date last seen Price effective from Koha item type
            Military College of Signals (MCS) Military College of Signals (MCS) 12/12/2016   001.535 PHI MCSEB-3478 12/08/2016 12/12/2016 Book
© 2023 Central Library, National University of Sciences and Technology. All Rights Reserved.